UM Logo

Crisis negotiations: (Record no. 1518)

MARC details
000 -LEADER
fixed length control field 00799nam a22002177a 4500
008 - FIXED-LENGTH DATA ELEMENTS--GENERAL INFORMATION
fixed length control field 160404b xxu||||| |||| 00| 0 eng d
020 ## - INTERNATIONAL STANDARD BOOK NUMBER
International Standard Book Number 9781455776474
082 ## - DEWEY DECIMAL CLASSIFICATION NUMBER
Edition number 2014
Classification number DC 363.23
Item number M22
100 ## - MAIN ENTRY--PERSONAL NAME
9 (RLIN) 4671
Personal name McMains, Michael J.
245 ## - TITLE STATEMENT
Title Crisis negotiations:
Remainder of title Managing critical incidents and hostage situations in law enforcement and corrections/
Statement of responsibility, etc. Michael J. Mcmains
250 ## - EDITION STATEMENT
Edition statement 5th Edition
260 ## - PUBLICATION, DISTRIBUTION, ETC. (IMPRINT)
Place of publication, distribution, etc. Massachusetts:
Name of publisher, distributor, etc. Anderson Publishing,
Date of publication, distribution, etc. c2014.
300 ## - PHYSICAL DESCRIPTION
Extent xx, 568 pages:
Other physical details illustrations;
Dimensions 23.7 cm.
500 ## - GENERAL NOTE
General note Include index.
650 #0 - SUBJECT ADDED ENTRY--TOPICAL TERM
9 (RLIN) 4672
Topical term or geographic name as entry element Hostage negotiations
Geographic subdivision United States
650 #0 - SUBJECT ADDED ENTRY--TOPICAL TERM
9 (RLIN) 4673
Topical term or geographic name as entry element Crisis management
Geographic subdivision United States
650 #0 - SUBJECT ADDED ENTRY--TOPICAL TERM
9 (RLIN) 4674
Topical term or geographic name as entry element Law enforcement
Geographic subdivision United States
700 ## - ADDED ENTRY--PERSONAL NAME
9 (RLIN) 4675
Personal name Mullins, Wayman C.
365 ## - TRADE PRICE
Price amount 7,469.00
Currency code Php.
942 ## - ADDED ENTRY ELEMENTS (KOHA)
Source of classification or shelving scheme Dewey Decimal Classification
Koha item type Circulation
Holdings
Withdrawn status Lost status Source of classification or shelving scheme Damaged status Not for loan Collection code Home library Current library Date acquired Source of acquisition Total Checkouts Full call number Barcode Date last seen Cost, replacement price Price effective from Koha item type
    Dewey Decimal Classification     Circulation UM Digos College - LIC UM Digos College - LIC 09/25/2014 Purchased   DC 363.23 M22 2014 22468 05/15/2025 7469.00 04/04/2016 Circulation